[Event "Mitropa Cup Open 2019"]
[Site "Radenci"]
[Date "2019.06.04"]
[Round "9.20"]
[White "Schmidek, Emil"]
[Black "Horvath, Dominik"]
[Result "1-0"]
[WhiteElo "2396"]
[BlackElo "2406"]
[Annotator "TA"]
[PlyCount "79"]
[EventDate "2019.05.27"]
[EventType "team-tourn"]
[EventCountry "SLO"]
[SourceTitle "playchess.com"]
[Source "ChessBase"]
[SourceQuality "1"]
[WhiteTeam "Germany"]
[BlackTeam "Austria"]
[WhiteTeamCountry "GER"]
[BlackTeamCountry "AUT"]

{[%evp 12,79,17,9,20,13,16,4,9,0,26,0,18,0,0,0,0,0,0,0,15,0,0,-106,-101,-112,-22,-120,-63,-74,-66,-78,-79,-78,-85,-95,-84,-94,-17,-32,198,205,151,103,217,234,646,383,387,390,998,995,897,669,845,457,431,437,442,433,433,433,29965,29964,29967,29968,29989,29990,29997,29989]} 1. e4 c5 2. Nf3 e6 3. d4 cxd4 4. Nxd4 Nc6 5. Nc3 Qc7 6. Nb3 a6 7. Bd3 Nf6 {B43: Sicilian: Kan Variation: 5 Nc3} (7... d6 8. Be3 Nf6 9. f4 b5 10. Qf3 Bb7 11. O-O Be7 12. a4 b4 13. Nb1 O-O 14. a5 e5 15. f5 d5 16. N1d2 Nb8 17. Rae1 Nbd7 18. g4 dxe4 19. Nxe4 Nxe4 20. Bxe4 Bxe4 21. Qxe4 Rac8 {½-½ (21) Bartel,M (2613)-Gurevich,V (2475) Germany 2018}) 8. f4 d6 9. O-O b5 {The position is equal.} 10. a3 Bb7 11. Qe2 Be7 12. Bd2 O-O 13. Kh1 Rfe8 14. Rae1 g6 15. f5 $146 ({Predecessor:} 15. Qf2 b4 16. axb4 Nxb4 17. Nb5 Nxd3 18. Nxc7 Nxf2+ 19. Rxf2 Nxe4 20. Rfe2 {0-1 (58) Varga,K (2260)-Sean,W (2385) Zalakaros 2014}) 15... exf5 16. exf5 Ne5 17. Bg5 (17. Qe3 $11 {keeps the balance.}) 17... Nfg4 $17 18. Bxe7 Qxe7 (18... Rxe7 $17 19. f6 Ree8) 19. f6 (19. Be4 $1 $11 {remains equal.} Bxe4 20. Nxe4) 19... Nxf6 ({Black should play} 19... Qd7 $17 20. Be4 Bxe4 21. Nxe4 d5) 20. Na5 $1 $15 Kg7 21. Qf2 Nfg4 22. Qg3 Rad8 23. Nxb7 Qxb7 24. Be4 Qc8 (24... d5 $17 25. Bf3 f5) 25. Nd5 $11 Nc4 $2 {[#]} (25... Rf8 $15) 26. Qh4 $1 $18 f5 27. Ne7 $36 {[%mdl 2048] Keeping Black busy.} Qc5 {[#]} (27... Qc7 $16 28. Bxf5 Nce5) 28. Nxf5+ $1 {[%mdl 512]} Kh8 $2 (28... gxf5 29. Rxf5 Nce5) 29. Qxg4 {Qh4! is the strong threat.} gxf5 {[#]} 30. Qh4 $1 {[%cal Rh4f6]} Qd4 $2 (30... Qc7) 31. Rxf5 {Rf8+! would kill now.} Rd7 32. Ref1 {Black must now prevent Qh6!} Rg8 33. Rf8 Qg7 34. Rxg8+ {[%mdl 64] Overworked Piece} Qxg8 35. Qf6+ Qg7 36. Qe6 {Intending Qe8+ and mate.} Qe7 {[#]} (36... Rd8 $18 37. Bxh7 (37. Rf7 Rf8 $18) 37... Rf8 38. Rxf8+ Qxf8) 37. Qh6 $1 {White mates.} Rd8 {[#]} 38. Bxh7 $1 {[%mdl 512]} Qg7 (38... Qxh7 39. Qf6+) 39. Qh4 Rf8 40. Bf5+ {Accuracy: White = 42%, Black = 25%.} 1-0